Scientific Papers : Physiology, Medicine, Surgery, Geology /
Serie que difunde obra clásica en el sentido canónico del término, particularmente textos literarios, aunque abierta también a libros centrales de otros campos, como obras de Darwin o Pascal, por citar dos ejemplos.
Збережено в:
| Інші автори: | , , , , , , |
|---|---|
| Формат: | Книга |
| Мова: | Англійська |
| Опубліковано: |
Nueva York, EUA :
Collier,
1963, c1938
|
| Серія: | (Harvard Classics ;
38) |
| Предмети: | |
| Теги: |
Немає тегів, Будьте першим, хто поставить тег для цього запису!
|
MARC
| LEADER | 00000nam^a2200000^a^4500 | ||
|---|---|---|---|
| 001 | 000315011 | ||
| 005 | 20250521000000.0 | ||
| 009 | 20260310113231.217 | ||
| 037 | |a Acervo ITESO - Biblioteca | ||
| 041 | |a ING | ||
| 082 | |a 808. 8 |b HAR V. 38 | ||
| 240 | 1 | 1 | |a [Del movimiento del corazón y de la sangre en los animales] |
| 245 | 0 | 0 | |a Scientific Papers : |b Physiology, Medicine, Surgery, Geology / |
| 264 | 4 | |a Nueva York, EUA : |b Collier, |c 1963, c1938 | |
| 300 | |a 418 p. | ||
| 336 | |a texto |b txt |2 rdacontenido | ||
| 337 | |a sin mediación |b n |2 rdamedio | ||
| 338 | |a volumen |b nc |2 rdasoporte | ||
| 440 | 1 | |a (Harvard Classics ; |v 38) | |
| 520 | |a Serie que difunde obra clásica en el sentido canónico del término, particularmente textos literarios, aunque abierta también a libros centrales de otros campos, como obras de Darwin o Pascal, por citar dos ejemplos. | ||
| 649 | |a XX | ||
| 650 | |a Fuerzas Armadas - |z Francia - |x Historia - |y Siglo XVI | ||
| 650 | |a Viruela - |x Prevención | ||
| 650 | |a Fiebre Puerperal | ||
| 650 | |a Enfermedades Infecciosas | ||
| 650 | |a Fermentación | ||
| 650 | |a Germen de las Enfermedades (Teoría) | ||
| 650 | |a Enfermedades - |x Causas - |x Teoría | ||
| 650 | |a Vacunas | ||
| 650 | |a Antisépticos - |x Historia | ||
| 650 | |a Sangre - |x Circulación | ||
| 650 | |a Sistema Circulatorio | ||
| 650 | |a Cirugía - |z Francia - |x Historia - |y Siglo XVI | ||
| 650 | |a Cirugía - |x Historia - |y Siglo XIX | ||
| 650 | |a Salud Reproductiva | ||
| 650 | |a Fisiología | ||
| 650 | |a Medicina | ||
| 650 | |a Química | ||
| 650 | |a Geología - |x Historia | ||
| 740 | 0 | |a Journeys in Diverse Places / |c A. Paré ; tr. por Stephen Paget. | |
| 740 | 0 | |a On the Motion of the Heart and Blood in Animals / |c W. Harvey ; tr. por Robert Willis. | |
| 740 | 4 | |a The Three Original Publications on Vaccination against Smallpox / |c E. Jenner. | |
| 740 | 4 | |a The Contagiousness of Puerperal Fever / |c O.W. Holmes. | |
| 740 | 0 | |a On the Antiseptic Principle of the Practice of Surgery / |c J. Lister. | |
| 740 | 4 | |a The Physiological Theory of Fermentation / |c L. Pasteur ; tr. por F. Faulkner. | |
| 740 | 4 | |a The Germ Theory and Its Applications to Medicine and Surgery / |c L. Pasteur ; tr. por H.C. Ernst. | |
| 740 | 0 | |a On the Extension of the Germ Theory to the Etiology of Certain Common Diseases / |c L. Pasteur ; tr. por H.C. Ernst. | |
| 740 | 0 | |a Prejudices Which Have Retarded the Progress of Geology / |c C. Lyell. | |
| 740 | 0 | |a Uniformity in the Series of Past Changes in the Animate and Inanimate World / |c C. Lyell. | |
| 700 | |a Paré, Ambriose |e (autor) | ||
| 700 | |a Harvey, William |e (autor) | ||
| 700 | |a Jenner, Edward |e (autor) | ||
| 700 | |a Holmes, O.W. |e (autor) | ||
| 700 | |a Lister, Joseph |e (autor) | ||
| 700 | |a Pasteur, Louis |e (autor) | ||
| 700 | |a Lyell, Charles |e (autor) | ||
| 910 | |a Fondo General | ||
| 920 | |a Impresos - Libros | ||
| 930 | |a Colección General | ||
| 940 | |a Literatura | ||
| 905 | |a 101 | ||
| 901 | |a 0500201757 |b IT1 |c LIT |i D54911 |u 20250521 | ||
| 902 | |a https://opac.biblio.iteso.mx/vufind/Record/000315011 | ||